GETS Theological Seminary Library

How to be an adult in relationships: (Record no. 11962)

MARC details
000 -LEADER
fixed length control field 00567nam a2200193Ia 4500
008 - FIXED-LENGTH DATA ELEMENTS--GENERAL INFORMATION
fixed length control field 200815s9999||||xx |||||||||||||| ||und||
020 ## - INTERNATIONAL STANDARD BOOK NUMBER
International Standard Book Number 1570628122
020 ## - INTERNATIONAL STANDARD BOOK NUMBER
International Standard Book Number 9781570628122
041 ## - LANGUAGE CODE
Language code of text/sound track or separate title eng
050 ## - LIBRARY OF CONGRESS CALL NUMBER
Classification number BF575.L8
Item number .R53 2002
100 ## - MAIN ENTRY--PERSONAL NAME
Personal name Richo, David
245 #0 - TITLE STATEMENT
Title How to be an adult in relationships:
Remainder of title the five keys to mindful loving /
Statement of responsibility, etc. David Richo
260 ## - PUBLICATION, DISTRIBUTION, ETC.
Place of publication, distribution, etc. Boston :
Name of publisher, distributor, etc. Shambhala,
Date of publication, distribution, etc. 2002
300 ## - PHYSICAL DESCRIPTION
Extent xiv, 265 p.
Other physical details ;
Dimensions 23 cm.
650 ## - SUBJECT ADDED ENTRY--TOPICAL TERM
Topical term or geographic name entry element Interpersonal relations.
650 ## - SUBJECT ADDED ENTRY--TOPICAL TERM
Topical term or geographic name entry element Love Religious aspects Buddhism.
650 ## - SUBJECT ADDED ENTRY--TOPICAL TERM
Topical term or geographic name entry element Love.
Holdings
Withdrawn status Lost status Damaged status Not for loan Home library Current library Shelving location Date acquired Total Checkouts Full call number Barcode Date last seen Price effective from Koha item type
        GETS Theological Seminary Library GETS Theological Seminary Library General Stacks 08/15/2020   BF575.L8 .R53 2002 00002825 08/15/2020 08/15/2020 English Books
OpacCredits

Contact the Librarian, GETS Library
Email: library@mygets.org









Implemented by GETS Library
(Powered by ETCA Professional Group)
GETS Theological Seminary
412 E. Rowland Street, CA 91723